Reflections from common ground : (Record no. 25616)
[ view plain ]
| 000 -LEADER | |
|---|---|
| fixed length control field | 00969nam a22002775a 4500 |
| 005 - DATE AND TIME OF LATEST TRANSACTION | |
| control field | 20171119124333.0 |
| 008 - FIXED-LENGTH DATA ELEMENTS--GENERAL INFORMATION | |
| fixed length control field | 171119t2016 enka frbd 000 0 eng d |
| 020 ## - INTERNATIONAL STANDARD BOOK NUMBER | |
| International Standard Book Number | 9781530596232 |
| 020 ## - INTERNATIONAL STANDARD BOOK NUMBER | |
| International Standard Book Number | 1530596238 |
| 040 ## - CATALOGING SOURCE | |
| Original cataloging agency | EG-ScBUE |
| Language of cataloging | eng |
| Transcribing agency | EG-ScBUE |
| 082 04 - DEWEY DECIMAL CLASSIFICATION NUMBER | |
| Classification number | 610.73 |
| Item number | LIN |
| Edition number | 22 |
| 100 1# - MAIN ENTRY--PERSONAL NAME | |
| Personal name | Lincoln, Beth. |
| 245 10 - TITLE STATEMENT | |
| Title | Reflections from common ground : |
| Remainder of title | cultural awareness in healthcare / |
| Statement of responsibility, etc | Beth Lincoln ; with narratives by Cody Gillette Kirkham. |
| 260 ## - PUBLICATION, DISTRIBUTION, ETC. (IMPRINT) | |
| Place of publication, distribution, etc | [s. n.] : |
| Name of publisher, distributor, etc | Beth Lincoln, |
| Date of publication, distribution, etc | c.2016 |
| Place of manufacture | ([London] : |
| Manufacturer | Amazon) |
| 300 ## - PHYSICAL DESCRIPTION | |
| Extent | ix, 293 p. : |
| Other physical details | ill. ; |
| Dimensions | 24 cm. |
| 500 ## - GENERAL NOTE | |
| General note | Includes glossary. |
| 504 ## - BIBLIOGRAPHY, ETC. NOTE | |
| Bibliography, etc | Includes bibliographical references.<br/> |
| 650 #7 - SUBJECT ADDED ENTRY--TOPICAL TERM | |
| Topical term or geographic name as entry element | Nursing |
| General subdivision | Social aspects. |
| Source of heading or term | BUEsh |
| 9 (RLIN) | 28875 |
| 650 #7 - SUBJECT ADDED ENTRY--TOPICAL TERM | |
| Topical term or geographic name as entry element | Transcultural nursing. |
| Source of heading or term | BUEsh |
| 9 (RLIN) | 36287 |
| 650 #7 - SUBJECT ADDED ENTRY--TOPICAL TERM | |
| Topical term or geographic name as entry element | Communication in nursing. |
| Source of heading or term | BUEsh |
| 651 ## - SUBJECT ADDED ENTRY--GEOGRAPHIC NAME | |
| Source of heading or term | BUEsh |
| 653 ## - INDEX TERM--UNCONTROLLED | |
| Resource For college | Nursing |
| Arrived date list | November2017 |
| 655 ## - INDEX TERM--GENRE/FORM | |
| Form subdivision | Reading book |
| -- | 34232 |
| 700 1# - ADDED ENTRY--PERSONAL NAME | |
| Personal name | Kirkham, Cody Gillette, |
| Relator term | narratives. |
| 942 ## - ADDED ENTRY ELEMENTS (KOHA) | |
| Source of classification or shelving scheme | Dewey Decimal Classification |
| Withdrawn status | Item status | Source of classification or shelving scheme | Damaged status | Not for loan | Vendor | Home library | Current library | Shelving location | Date acquired | Source of acquisition | Cost, normal purchase price | Total Checkouts | Total Renewals | Full call number | Barcode | Date last seen | Date last borrowed | Koha item type |
|---|---|---|---|---|---|---|---|---|---|---|---|---|---|---|---|---|---|---|
| Dewey Decimal Classification | Baccah | Central Library | Central Library | First floor | 19/11/2017 | Purchase | 580.00 | 1 | 1 | 610.73 LIN | 000046900 | 15/07/2025 | 11/04/2018 | Book - Borrowing | ||||
| Dewey Decimal Classification | Baccah | Central Library | Central Library | First floor | 19/11/2017 | Purchase | 610.73 LIN | 000046901 | 15/07/2025 | Book - Borrowing |